Les 10 syndicats les plus importants en France - Statistiques

Statistiques générales
  • Ce quiz a été pris 90 fois
  • Le résultat moyen est 5 sur 10
Statistiques - réponses
Pourcentage représentativité Réponse % Correct
22,21% CGT
100%
26,58% CFDT
81%
14,91% FO
80%
0,89% SUD
57%
9,58% CFTC
45%
11,92% UNSA
36%
2,21% FSU
32%
3,46% Solidaires
26%
0,75% CGC
22%
1,12% CNT
9%
Aucun quiz correspondant
Distribution des résultats
% des personnes avec chaque résultat
Percentile par nombre de réponses
Votre historique - résultats
Vous n’avez pas pris ce quiz